Początki szkolnictwa powszechnego w 1945 r. na Śląsku

Titel: Początki szkolnictwa powszechnego w 1945 r. na Śląsku
Verfasser:
In: Szkice lublinieckie, Band 3 (1992), Seite 112-114
alle Artikel anzeigen
Veröffentlicht: 1992
Format: Aufsatz
Sprache: Polnisch
Kein Bild verfügbar
X
alg: 39456957
001A    $01999:12-11-16 
001B    $01999:01-06-17 $t17:53:55.000 
001D    $01999:12-11-16 
001U    $0utf8 
001X    $00 
002@    $0Aox 
003@    $0394569571 
007A    $0394569571 $aHEB 
007T    $0Herdww000728 
010@    $apol 
011@    $a1992 
021A    $aPoczątki szkolnictwa powszechnego w 1945 r. na Śląsku 
028A    $aKlama $dLudwik 
031A    $d3 $h112-114 $j1992 
039B    $aIn $8--Abvc--. Szkice lublinieckie. - Lubliniec, 1986-. - ISSN 0860-3685 $x199200000030000888 $9182896552 

lok: 39456957 78

exp: 39456957 78 1 #EPN
201B/01 $018-11-16 $t12:01:14.000 
201U/01 $0utf8 
203@/01 $0790680009 
208@/01 $a12-11-16 $be 
209A/01 $a/ $f000 $x00 
220C/01 $aTitelaufnehmer: EW 
220C/01 $aHerkunft: IH UWr 
244Z/01 $2Trx $#Silesia $#Śląsk $#Sliezsko $#Slezsko $8--Trx--Schlesien $x01 $9391173987 
244Z/01 $2Trx $#Lublinitz $#Loben Tschenstochau $8--Trx--Lubliniec $x02 $9391273396 
244Z/01 $aGeschichte 1945 $x03 
244Z/01 $aKlama Ludwik $x04 
244Z/01 $2Trx $#mälestused $#atsiminimai $#Memoirs $#emlékezések $#wspomnienia $#spomienky $#vzpomínky $#memuaarid $#Memoiren $#pamiętniki $#pamäti $#paměti $8--Trx--Erinnerungen $x05 $9391357727 
244Z/01 $2Trx $#algkoolid $#pagrindinės mokyklos $#Elementary schools $#elemi iskolák $#szkoły podstawowe $#školy základné $#školy základní $8--Trx--Grundschulen $x06 $9391380532 
244Z/01 $2Trx $8--Trx--Zeitschriftenaufsatz $x07 $9391384341 
247C/01 $82080>Marburg/Lahn, Herder-Institut, Forschungsbibliothek, Bibliographieportal $9336309341
LEADER 00000caa a22000002c 4500
001 394569571
003 DE-603
005 20170601175355.0
007 tu
008 161112s1992 xx |||| | u00||u|pol c
035 |a (DE-599)HEB394569571 
040 |a DE-603  |b ger  |c DE-603  |d DE-603 
041 |a pol 
100 1 |a Klama, Ludwik 
245 0 0 |a Początki szkolnictwa powszechnego w 1945 r. na Śląsku 
264 0 |c 1992 
773 0 8 |i In  |t Szkice lublinieckie  |d Lubliniec, 1986-  |x 0860-3685  |g Band 3 (1992), Seite 112-114  |w (DE-603)182896552  |w (DE-600)2259923-X 
924 0 |9 2080  |a (DE-603)790680009  |b DE-2080  |c HES  |d d  |g /